مداخل إلى العلوم الإجتماعية / (رقم التسجيلة. 3305)
[ عرض عادي ]
| 000 -LEADER | |
|---|---|
| fixed length control field | 00445nam a22001577a 4500 |
| 005 - DATE AND TIME OF LATEST TRANSACTION | |
| control field | 20251108164104.0 |
| 008 - FIXED-LENGTH DATA ELEMENTS--GENERAL INFORMATION | |
| fixed length control field | 250721s1991 xx 000 0 ara d |
| 082 14 - DEWEY DECIMAL CLASSIFICATION NUMBER | |
| Classification number | 300/حدا |
| 100 1# - MAIN ENTRY--PERSONAL NAME | |
| Personal name | حداد، مهنا |
| 245 10 - TITLE STATEMENT | |
| Title | مداخل إلى العلوم الإجتماعية / |
| 264 1# - PRODUCTION, PUBLICATION, DISTRIBUTION, MANUFACTURE, AND COPYRIGHT NOTICE | |
| Place of production, publication, distribution, manufacture | عمان : |
| Name of producer, publisher, distributor, manufacturer | دار مجدلاوي، |
| Date of production, publication, distribution, manufacture, or copyright notice | 1991. |
| 300 ## - PHYSICAL DESCRIPTION | |
| Extent | 442ص |
| 650 17 - SUBJECT ADDED ENTRY--TOPICAL TERM | |
| Topical term or geographic name as entry element | العلوم الإجتماعية |
| 942 ## - ADDED ENTRY ELEMENTS (KOHA) | |
| Source of classification or shelving scheme | Dewey Decimal Classification |
| Koha item type | كتب |
| حالة السحب | حالة الفقدان | مصدر التصنيف | حالة التلف | غير قابل للإعارة | المكتبة الرئيسية | المكتبة الحالية | موقع الرف | تاريخ التزويد | الرقم المتسلسل | Total Checkouts | رقم الإستدعاء | تاريخ آخر ظهور | تاريخ الفاتورة | نوع المادة (كوها) | الباركود |
|---|---|---|---|---|---|---|---|---|---|---|---|---|---|---|---|
| Dewey Decimal Classification | Unchecked | مكتبة الاميرة بديعة | مكتبة الاميرة بديعة | الإعارة | 06/07/2004 | 2776 | 300/حدا | 28/07/2025 | 06/07/2004 | كتب | |||||
| Dewey Decimal Classification | Unchecked | مكتبة الجويدة | مكتبة الجويدة | الإعارة | 06/07/2004 | 2492 | 300/حدا | 28/07/2025 | 06/07/2004 | كتب | |||||
| Dewey Decimal Classification | Unchecked | مكتبة النصر العامة | مكتبة النصر العامة | الإعارة | 06/07/2004 | 4471 | 300/حدا | 28/07/2025 | 06/07/2004 | كتب | |||||
| Dewey Decimal Classification | مكتبة صويلح العامة | مكتبة صويلح العامة | الإعارة | 18/02/2016 | [5733 | 300/حدا | 28/07/2025 | 18/02/2016 | كتب | PLD00374945 |